| 000 | 00555nam a22001577a 4500 | ||
|---|---|---|---|
| 999 |
_c535837 _d535837 |
||
| 020 | _qHard Cover. | ||
| 082 | _a611 | ||
| 100 | _aMahmood, Nomana | ||
| 245 |
_aEffects of Sleep Deprivation on the Histomorphology of Rat Prostate and the Ameliorative Effects of Omega 3 Fatty Acids / _cNomana Mahmood. |
||
| 260 |
_aIslamabad : _bAMC - NUST, _c2015. |
||
| 300 |
_axx, 95 p. : ill. ; _c30cm. |
||
| 942 |
_2ddc _cTHE |
||
| 650 |
_aAnatomy M Phil.-Thesis _924789 |
||
| 700 |
_aShadab Ahmed Butt. _924790 |
||